000 00867nam0a22002651 4500
001 rc\2571091
005 20250623112418.0
035 _a(NLR Aleph) 006735828
090 _a5592456
_c5592456
100 _a20110914d1928 |||y0rusy50 ca
101 0 _arus
102 _aRU
105 _ay z |||a|
200 1 _aБольшая Каменка
_eРоман
_fА. Дорогойченко
205 _a2-е изд.
210 _a[Москва]
_cМолодая гвардия
_d1928
_gтип. "Эмес"
215 _a388, [4] с.
_d20х14 см.
300 _aОбложка: А. П. Могилевский
700 1 _aДорогойченко
_bА. Я.
_f1894-1947
_gАлексей Яковлевич
_9142800
_3RU\NLR\AUTH\770142836
801 0 _aRU
_bNLR
_gpsbo
801 1 _aRU
_bELAR
_2rusmarc
852 _aNLR
_j46/151
942 _cBOOK
980 _aNB